<?xml version="1.0" encoding="UTF-8"?>
<marc:record xmlns:marc="http://www.loc.gov/MARC21/slim">
   <marc:leader>00000nam a2200000 a 4500</marc:leader>
   <marc:datafield ind1="1" ind2=" " tag="100">
      <marc:subfield code="a">Reitschuster, Boris</marc:subfield>
      <marc:subfield code="4">aut</marc:subfield>
      <marc:subfield code="e">Verfasser/-in</marc:subfield>
   </marc:datafield>
   <marc:datafield ind1="0" ind2="0" tag="245">
      <marc:subfield code="a">Putins Demokratur</marc:subfield>
   </marc:datafield>
   <marc:datafield ind1="0" ind2="0" tag="245">
      <marc:subfield code="b">ein Machtmensch und sein System</marc:subfield>
   </marc:datafield>
   <marc:datafield ind1="0" ind2="0" tag="245">
      <marc:subfield code="c">Boris Reitschuster</marc:subfield>
   </marc:datafield>
   <marc:datafield ind1=" " ind2="1" tag="264">
      <marc:subfield code="a">Berlin</marc:subfield>
      <marc:subfield code="b">Econ</marc:subfield>
      <marc:subfield code="c">2014</marc:subfield>
   </marc:datafield>
   <marc:datafield ind1=" " ind2=" " tag="250">
      <marc:subfield code="a">3., aktualisierte und erw. Aufl.</marc:subfield>
   </marc:datafield>
   <marc:datafield ind1="1" ind2=" " tag="520">
      <marc:subfield code="a">Angaben aus der Verlagsmeldung

Putins Demokratur : Ein Machtmensch und sein System / von Boris Reitschuster

Wie gefährlich ist Wladimir Putin?

Mit der Besetzung der Krim hat Wladimir Putin die gegenwärtige Ordnung Europas in ihren Grundfesten erschüttert. So verwundert sich viele Politiker und Journalisten im Westen zeigten – Putins Aggression kam nicht überraschend. In „Putins Demokratur“ beschreibt Boris Reitschuster, wie der Ex-KGB-Oberstleutnant in Russland ein autoritäres Regime errichtete: Anti-westliche Stimmungsmache, Kriegshetze und Hurra-Patriotismus waren schon immer Grundpfeiler seiner Macht. In der aktualisierten und stark erweiterten Neuauflage seines Buches rücken die Ereignisse auf der Krim in ein neues Licht. Reitschuster zeigt, warum das Wegsehen und Beschönigen fatale Folgen für uns hat – nicht nur wegen der Abhängigkeit von russischem Öl und Gas. Er zeichnet ein bestechend scharfes Psychogramm Putins, und erklärt, wie dieser mächtige und gefährliche Mann den Westen korrumpiert.
</marc:subfield>
   </marc:datafield>
   <marc:datafield ind1=" " ind2=" " tag="020">
      <marc:subfield code="a">9783430201834</marc:subfield>
      <marc:subfield code="9">9783430201834</marc:subfield>
   </marc:datafield>
   <marc:datafield ind1=" " ind2=" " tag="020">
      <marc:subfield code="a">3430201837</marc:subfield>
      <marc:subfield code="9">3430201837</marc:subfield>
   </marc:datafield>
   <marc:datafield ind1=" " ind2=" " tag="300">
      <marc:subfield code="a">413 S.</marc:subfield>
   </marc:datafield>
</marc:record>
